00988nam a2200229 a 450000100060000000300080000600500170001400800410003103500190007204000220009104100080011308200280012110000920014924502360024124600680047726000340054530000200057950000300059960000370062965000370066670000550070383320BD-RjUL20240312120829.0240311s1967 pk 000 0 urd d a(BD-RjUL)83320 aNNLbaracBD-RjUL0 aurd 223a954.91092bALQ 19671 aاصفہانی٫ مرزا ابوالحسن، ;; Isfahani, Mirza Abul Hasand1889-196412aقائد اعظم جناح : اىک قوم کى سرگزشت / Qāʼid-i Aʻz̤am Jinnāḥ : ek qaum kī sarguzasht /cتأليف جی-الانا مترجم رئیس امروہوی ;; .G-Alana ; translator Rais Amrohavi aقائد اعظم جناح : اىک قوم کى سرگزشت  a[کراچی] :bFiroj, c1967 a633 p. ;c23 cm a Includes Biblographis aJinnah, Mahomed Ali, d1876-1948 aStatesmenvBiographyz Pakistan  a امروہوی ، رئیس ;; Amrohavi, Rais